| 000 | 00654nam a2200193Ii 4500 | ||
|---|---|---|---|
| 003 | JO-AjNU | ||
| 008 | 230605s9999||||xx |||||||||||||| ||und|| | ||
| 040 |
_aJO-AjNU _bara _erda _cJO-AjNU |
||
| 041 | _aara | ||
| 050 | 1 | 4 | _aTK5105.875 2006 |
| 100 | 3 |
_aمصطفى، عبد الغني/ م مشارك فاطمخ بوجيري , _eauthor _944205 |
|
| 245 | 0 | 0 | _aمقدمة في الانترنت |
| 264 | 3 | 1 | _aالبحرين: مؤسسة لورد للشئون الجامعية ، 2006 |
| 300 | _a192ص | ||
| 336 |
_atext _btxt _2rdacontent |
||
| 337 |
_aunmediated _bn _2rdamedia |
||
| 338 |
_avolume _bnc _2rdacarrier |
||
| 650 | 4 |
_aالانترنت _944206 |
|
| 999 |
_aA19068 _c22636 _d22636 |
||